00858nam a2200265 i 4500001001000000003000900010005001700019007000300036008004100039040003000080049000900110082001400119100003000133245007100163246002300234264002300257300002800280336002700308337003300335338002800368700004300396942001400439952012200453999001700575000034383DO-SdBNP20240624094049.0ta111004s2003 es 000 0 spa d aDO-SdBNPbspacBNPHUerda aBNPD 4bB877c2221 aBrown, Dan,d1964-95980313aEl código Da Vinci /cDan Brown ; traducción, Juanjo Estrella.10aThe Da Vinci code. aBarcelona :c2003. a557 páginas ;c24 cm. 2rdacontentatextobtxt 2rdamediaasin mediaciónbn 2rdacarrieravolumenbnc1 aEstrella, Juanjo,910728etraducción 2ddccLBS1 00102ddc56708GRaBNPHUbBNPHUcCTd2011-10-04l0o BNPHU GRp34383-10r2020-06-25w2020-06-25yLBS1ZNo se presta c33874d33874